000 01024nab a2200313 4500
003 BR-BrBNA
005 20250616123529.0
008 250616b bl.||||| |||| 00| 0 por d
040 _aBR-BrBNA
_bpor
072 _aP06 ; E21 ; E12 ; E70 ; E71
_b8961 ; 0230
100 _aNetto, Ibiapaba
245 _aEtanol: a hora da verdade
_bAgronegócios
500 _a5 illus.; 1 graph
650 _aCANA DE AÇÚCAR
650 _aBIOCOMBUSTÍVEL
650 _aETANOL
650 _aUSINA AÇUCAREIRA
650 _aTRABALHADOR RURAL
650 _aDIREITO DO TRABALHO
650 _aBOAS PRÁTICAS AGRÍCOLAS
650 _aCERTIFICAÇÃO
650 _aSELO DE QUALIDADE
650 _aEXIGÊNCIA DO MERCADO
650 _aCOMERCIALIZAÇÃO
650 _aEXPORTAÇÃO
773 0 _01706
_9347883
_dSão Paulo-SP Editora Três Ltda - E-mail: luizfsa@revistadinheiro.com.br 2004
_o2025-0382
_tDinheiro Rural (Brazil)
_x1807-3700
_gv. 6(56) p. 56-59; (Jun 2009)
_wBR2025001340
942 _cANA
999 _c332080
_d332080